Dictionary of herbal cultivators in Peninsular Malaysia : AR Rohana...[et.all]

Bibliographic Details
Other Authors: A Nur Syazni, AB Ariff Fahmi, Lim, HF, M Abd. Latif, M Marzalina, MA Mohd Shahidan, R Rosniza, S Siti Zubaidah, Z Nur Fazreen
Format: Book
Published: Kuala Lumpur : FRIM , 2015
Subjects:

MARC

LEADER 00000cam a2200000 7i4500
001 0000004045
005 20151009.0
020 0 0 |a 9789670622347 
090 0 0 |a 615   |b HERB 2015 
245 1 0 |a Dictionary of herbal cultivators in Peninsular Malaysia :   |b AR Rohana...[et.all] 
260 0 0 |a Kuala Lumpur :   |b FRIM ,   |c 2015 
300 |a 1?pages :   |b .col.ill. ;   |c 29cm. 
650 0 0 |a Herbs---Peninsular Malaysia 
700 1 1 |a A Nur Syazni 
700 1 1 |a AB Ariff Fahmi 
700 1 1 |a Lim, HF 
700 1 1 |a M Abd. Latif 
700 1 1 |a M Marzalina 
700 1 1 |a MA Mohd Shahidan 
700 1 1 |a R Rosniza 
700 1 1 |a S Siti Zubaidah 
700 1 1 |a Z Nur Fazreen 
999 |a 007860   |b Monograph   |c Open Shelf   |e Default branch